Sisters Under The Skin; (Record no. 191230)

MARC details
000 -LEADER
fixed length control field 00584nam a22001817a 4500
005 - DATE AND TIME OF LATEST TRANSACTION
control field 20220823150352.0
010 ## - LCCN (DPL NO)
LC control number ENG-134552
020 ## - INTERNATIONAL STANDARD BOOK NUMBER
International Standard Book Number 9789393737199
Terms of availability 499.00
035 ## - SYSTEM CONTROL NUMBER
System control number EN-118084
037 ## - SOURCE OF ACQUISITION
Source of stock number/acquisition DBAD/PUB
082 ## - DEWEY DECIMAL CLASSIFICATION NUMBER
Classification number 305.4
100 ## - MAIN ENTRY--PERSONAL NAME
Personal name Karthick, Sheela P.
245 ## - TITLE STATEMENT
Title Sisters Under The Skin;
Remainder of title Margaret Laurence and Vaasanthi/
Statement of responsibility, etc Sheela P. Karthick
260 ## - PUBLICATION, DISTRIBUTION, ETC. (IMPRINT)
Place of publication, distribution, etc Tamilnadu
Name of publisher, distributor, etc SHANLAX PUBLICATIONS
Date of publication, distribution, etc 2022
270 ## - ADDRESS
Address 61,66 T.P.K. Main Road, Vasantha Nagar
City Madurai
Postal code 625003
300 ## - PHYSICAL DESCRIPTION
Extent 211p.
Other physical details Bibliography
Dimensions 22cm(pbk)
942 ## - ADDED ENTRY ELEMENTS (KOHA)
Source of classification or shelving scheme Dewey Decimal Classification
Item type English Books
Classification part 305.4
Call number suffix KAR
Holdings
Withdrawn status Lost status Not for loan Collection code Home library Current library Date acquired Source of acquisition Cost, normal purchase price Full call number Barcode Copy number Cost, replacement price Koha item type
      Non-fiction Ashok Vihar Ashok Vihar 23/08/2022 DBAD/PUB 499.00 305.4 KAR EN-118084 1 499.00 English Books

© Delhi Public Library
Hit Counter
free hit counter